000 00248nam a2200097Ia 4500
001 767848
005 20250826165407.0
008 250824s9999 xx 000 0 und d
245 0 _aKAF DAĞI PADİŞAHI
_cMELEK ÇE
260 _bUĞUR BÖCEĞİ YAYINLARI
999 _c767848
_d767848